Statistics for Tracy Beaker Returns

Click here to take the quiz!

General Stats

  • This quiz has been taken 222 times
    (221 since last reset)
  • The average score is 15 of 18

Answer Stats

HintAnswer% Correct
Care WorkerMike
100%
Care WorkerGina
96%
ResidentTee
96%
ResidentCarmen
95%
ResidentJohnny
94%
ResidentLilly
92%
ResidentFrank
91%
ResidentHarry
91%
ResidentLiam
91%
ResidentSapphire
90%
ResidentGus
84%
ResidentTyler
82%
ResidentElektra
77%
ResidentToby
77%
ResidentRick
76%
ResidentJody
75%
ResidentPoppy
68%
ResidentRosie
68%

Score Distribution

Percentile by Number Answered

Percent of People with Each Score

Your Score History

You have not taken this quiz since the last reset